Lost in translation (Record no. 76163)
[ view plain ]
| 000 -LEADER | |
|---|---|
| fixed length control field | 00842cab a2200193 4500 |
| 001 - CONTROL NUMBER | |
| control field | ##L131553 |
| 008 - FIXED-LENGTH DATA ELEMENTS--GENERAL INFORMATION | |
| fixed length control field | 051115n2005 000 0 eng u |
| 035 ## - SYSTEM CONTROL NUMBER | |
| System control number | (Sirsi) u131553 |
| 041 0# - LANGUAGE CODE | |
| Language code of text/sound track or separate title | eng |
| 100 1# - MAIN ENTRY--PERSONAL NAME | |
| Personal name | Walker, Ben |
| 245 00 - TITLE STATEMENT | |
| Title | Lost in translation |
| 260 ## - PUBLICATION, DISTRIBUTION, ETC. | |
| Date of publication, distribution, etc. | 2005 |
| 490 #0 - SERIES STATEMENT | |
| Series statement | Regeneration and Renewal |
| Volume/sequential designation | 4 November 2005, 20-22(3) |
| 520 ## - SUMMARY, ETC. | |
| Summary, etc. | Looks at how the Underserved Markets programme which was a great success in the US has so far failed to work when introduced in the UK; the regeneration environments being very different. The programme aimed at encouraging retailers to invest in deprived areas is facing many obstacles that are keeping the scheme from getting off the ground. |
| 590 ## - LOCAL NOTE (RLIN) | |
| Local note | IKA221105 |
| 650 24 - SUBJECT ADDED ENTRY--TOPICAL TERM | |
| Topical term or geographic name entry element | UNDERSERVED MARKETS PROGRAMME |
| 690 ## - LOCAL SUBJECT ADDED ENTRY--TOPICAL TERM (OCLC, RLIN) | |
| Topical term or geographic name as entry element | PROPERTY-PROPERTY MANAGEMENT-REGENERATION |
| 942 ## - ADDED ENTRY ELEMENTS (KOHA) | |
| Suppress in OPAC | 0 |
| Withdrawn status | Lost status | Source of classification or shelving scheme | Damaged status | Not for loan | Home library | Current library | Shelving location | Date acquired | Total Checkouts | Full call number | Barcode | Date last seen | Copy number | Price effective from | Koha item type |
|---|---|---|---|---|---|---|---|---|---|---|---|---|---|---|---|
| Dewey Decimal Classification | London | London | Journal article | 15/11/2005 | L131553 | 131553-1001 | 06/08/2019 | 1 | 06/08/2019 | Journal article |